| 000 | 00396nam a2200145Ia 4500 | ||
|---|---|---|---|
| 008 | 230917s9999||||xx |||||||||||||| ||und|| | ||
| 040 |
_e126500 _aMAIN |
||
| 041 | _aEnglish | ||
| 082 | _a327.42 D659M:D | ||
| 100 | _aMedicoff, W N | ||
| 245 | 0 | _aDocuments on British foreign policy 1919-1939 | |
| 260 |
_aLondon _bHer Majestics Stationery Office _c1975 |
||
| 300 | _aiv, 852p. p. | ||
| 942 | _cBK | ||
| 999 |
_c229705 _d229705 |
||